000 00505nam a2200169 a 4500
001 000040195
005 20201002033957.0
008 130814s1972 sp 000 0 spa d
040 _aDO-SdBNP
_bspa
_cBNPHU
082 _axxx
100 1 _aRuiz del Vizo, Hortensia
_966456
245 1 0 _aPoesía negra del Caribe y otras áreas /
_cHortensia Ruiz del Vizo.
260 _aMiami, Florida :
_bEdiciones Universal,
_c1972.
300 _a168 p. ;
_c17 cm.
490 1 _aAntologías
830 0 _aAntologías
_99677
999 _c39685
_d39685